[Event "SJRH-ch U16"]
[Site "Mainz"]
[Date "2002.01.02"]
[Round "2"]
[White "Silz, Simeon"]
[Black "Adam, Andreas"]
[Result "0-1"]
[WhiteElo "1076"]
[BlackElo "1288"]
[PlyCount "46"]
[EventDate "2002.01.02"]
[EventType "swiss"]
[EventRounds "7"]
[EventCountry "GER"]
[SourceTitle "EXT 2003"]
[Source "ChessBase"]
[SourceDate "2002.11.25"]
[SourceVersion "1"]
[SourceVersionDate "2002.11.25"]
[SourceQuality "1"]

1. e4 c5 2. Nf3 d6 3. d4 cxd4 4. Nxd4 Nf6 5. Nc3 e6 6. Bg5 Be7 7. Be2 0-0 8. 0-0 a6 9. a4 Qc7 10. f4 Rd8 11. Kh1 h6 12. Bh4 Nc6 13. Re1 Nxe4 14. Bg3 Nxg3+ 15. hxg3 e5 16. Nxc6 bxc6 17. Qd3 d5 18. Reb1 exf4 19. gxf4 Qxf4 20. Rf1 Qh4+ 21. Kg1 Bc5+ 22. Rf2 Qxf2+ 23. Kh2 Qh4+ 0-1

[Event "SJRH-ch U16"]
[Site "Worms"]
[Date "2001.01.02"]
[Round "5"]
[White "Michel, Christopher"]
[Black "Adam, Andreas"]
[Result "0-1"]
[WhiteElo "1402"]
[BlackElo "1238"]
[PlyCount "32"]
[EventDate "2001.01.02"]
[EventType "swiss"]
[EventRounds "7"]
[EventCountry "GER"]
[SourceTitle "EXT 2003"]
[Source "ChessBase"]
[SourceDate "2002.11.25"]
[SourceVersion "1"]
[SourceVersionDate "2002.11.25"]
[SourceQuality "1"]

1. e4 c5 2. Nf3 d6 3. d4 cxd4 4. Nxd4 Nf6 5. Nc3 a6 6. Bd3 e6 7. Bg5 Be7 8. 0-0 Bd7 9. Qd2 Qb6 10. Nb3 0-0 11. Rfe1 Nc6 12. Kf1 Rfe8 13. f4 e5 14. fxe5 Ng4 15. Bxe7 Nxh2+ 16. Ke2 Bg4# 0-1